000 01256cam a2200337 a 4500
001 13567636
003 OSt
005 20240624114954.0
008 040422s2003 enka b 001 0 eng
010 _a 2004266054
015 _aGBA3-V3378
020 _a0198502419
020 _a0198502400 (pbk.)
035 _a(OCoLC)ocm52876699
040 _aUKM
_cMUST
_dOCLCQ
_dDLC
042 _alccopycat
082 _a547 ZAR 2003
100 1 _aZard, Samir Z.
_917659
245 1 0 _aRadical reactions in organic synthesis /
_cSamir Z. Zard.
260 _aOxford
_aNew York :
_bOxford University Press,
_c2003.
300 _axi, 256 p. :
_bill. ;
_c25 cm.
440 0 _aOxford chemistry masters ;
_v7
_917660
504 _aIncludes bibliographical references and index.
650 0 _aOrganic compounds
_xSynthesis.
_93657
650 0 _aFree radical reactions.
_917661
856 4 1 _3Table of contents only
_uhttp://www.loc.gov/catdir/toc/fy046/2004266054.html
856 4 2 _3Publisher description
_uhttp://www.loc.gov/catdir/enhancements/fy0620/2004266054-d.html
906 _a7
_bcbc
_ccopycat
_d2
_encip
_f20
_gy-gencatlg
942 _2ddc
_cO_SHELF
999 _c8735
_d8735